La caída en el tiempo / (Record no. 186366)

MARC details
000 -LEADER
campo de control de longitud fija 00852nam a2200253 i 4500
001 - NÚMERO DE CONTROL
campo de control 186366
003 - IDENTIFICADOR DE NÚMERO DE CONTROL
campo de control SpMaBN
005 - FECHA Y HORA DE LA ÚLTIMA TRANSACCIÓN
campo de control 20230906222645.0
008 - DATOS DE LONGITUD FIJA--INFORMACIÓN GENERAL
campo de control de longitud fija 161031s1986 sp |||| |dspa d
020 ## - NÚMERO INTERNACIONAL ESTÁNDAR DEL LIBRO
Número Internacional Estándar del Libro 84-395-0164-1
080 ## - NÚMERO DE LA CLASIFICACIÓN DECIMAL UNIVERSAL
Número de la Clasificación Decimal Universal 840-96"19"
100 1# - ENTRADA PRINCIPAL--NOMBRE DE PERSONA
Nombre de persona Cioran, E. M.
9 (RLIN) 38864
245 13 - MENCIÓN DEL TÍTULO
Título La caída en el tiempo /
Mención de responsabilidad, etc. E.M. Cioran ; [traducción de Esther Seligson].
250 ## - MENCION DE EDICION
Mención de edición 1ª ed. en esta colección.
260 ## - PUBLICACIÓN, DISTRIBUCIÓN, ETC.
Lugar de publicación, distribución, etc. Barcelona :
Nombre del editor, distribuidor, etc. Planeta-Agostini,
Fecha de publicación, distribución, etc. 1986.
300 ## - DESCRIPCIÓN FÍSICA
Extensión X, 148 p. ;
Dimensiones 19 cm.
490 1# - MENCIÓN DE SERIE
Mención de serie Obras maestras del pensamiento contemporáneo ;
Designación de volumen o secuencia 72
500 ## - NOTA GENERAL
Nota general Cronología.
504 ## - NOTA DE BIBLIOGRAFÍA, ETC.
Nota de bibliografía, etc. Bibliografía: p. IX-X.
700 1# - ENTRADA AGREGADA--NOMBRE PERSONAL
Nombre de persona Seligson, Esther.
9 (RLIN) 105310
830 0# - PUNTO DE ACCESO ADICIONAL DE SERIE-TÍTULO UNIFORME
Título uniforme Obras maestras del pensamiento contemporáneo ;
Designación de volumen o secuencia 72
9 (RLIN) 192536
852 ## - LOCALIZACIÓN
Ubicación ES-MaACL
Número de control de estantería L-30733
Nota libre . - Donat. Miguel A. Velasco
Holdings
Estatus retirado Estado de pérdida Estado de daño No para préstamo Biblioteca de origen Biblioteca actual Ubicación en estantería Fecha de adquisición Fuente de adquisición Total de préstamos Signatura topográfica completa Código de barras Visto por última vez Precio de reemplazo Tipo de ítem Koha
        Biblioteca del Ateneo de Madrid Biblioteca del Ateneo de Madrid Depósito 2 31/10/2016     L-30733 1196522 23/02/2023 23/02/2023 Libro impreso